000 00886cam a2200277 4500
999 _c4818
_d4818
001 3603394
003 OSt
005 20220329121730.0
008 720315s1972 mdua b 001 0 eng
010 _a 71160140
020 _a0683037293
040 _aDLC
_cALUPE UNIVERSITY
_dDLC
050 0 0 _aQM25
_b.G7 1972
082 0 0 _a611/.0022/2
100 1 _aGrant, J. C. Boileau
_q(John Charles Boileau),
_d1886-1973.
245 1 3 _aAn atlas of anatomy, by regions ...
_c[by] J. C. Boileau Grant.
250 _a6th ed.
260 _aBaltimore,
_bWilliams & Wilkins,
_c1972.
300 _a1 v. (unpaged)
_billus.
_c29 cm.
500 _aTitle on cover: Grant's atlas of anatomy.
504 _aIncludes bibliographical references.
650 0 _aHuman anatomy
_xAtlases.
740 _aGrant's atlas of anatomy.
906 _a7
_bcbc
_corignew
_d2
_encip
_f19
_gy-gencatlg
942 _2lcc
_cBK
_nJO